Normal view
MARC view
Entry Personal Name
001 - CONTROL NUMBER
- control field: 929
003 - CONTROL NUMBER IDENTIFIER
- control field: OSt
005 - DATE AND TIME OF LATEST TRANSACTION
- control field: 20250611113507.0
008 - FIXED-LENGTH DATA ELEMENTS
- fixed length control field: 250611|| aca||aabn | a|a d
040 ## - CATALOGING SOURCE
- Original cataloging agency: OSt
- Transcribing agency: OSt
100 ## - HEADING--PERSONAL NAME
- Personal name: Priyanka Sarkar
670 ## - SOURCE DATA FOUND
- Source citation: Work cat.: (OSt)17943: Priyanka Sarkar, Development and validation of scale to measure krodha., 2022